000
00306nam a22001217a 4500
040
_c
SK
082
_a
344
100
_a
បរិស្ថាន
245
_a
បរិស្ថាន
260
_a
ក្រសួងបរិស្ថាន
_b
បរិស្ថាន
_c
2000
300
_a
453p.
942
_c
KB
999
_c
9834
_d
9834